[Event "Winnipeg TNT October op"]
[Site "Winnipeg"]
[Date "2012.10.02"]
[Round "1"]
[White "Lauritson, Jim"]
[Black "Leaden, Bruce"]
[Result "0-1"]
[WhiteElo "2045"]
[BlackElo "1567"]
[PlyCount "72"]
[EventDate "2012.10.02"]
[EventType "swiss"]
[EventRounds "5"]
[EventCountry "CAN"]
[SourceTitle "EXT 2022"]
[Source "ChessBase"]
[SourceDate "2021.10.06"]
[SourceVersion "1"]
[SourceVersionDate "2021.10.06"]
[SourceQuality "1"]

1. d4 d5 2. c4 e6 3. Nc3 Bb4 4. cxd5 exd5 5. Nf3 Nf6 6. Bg5 0-0 7. e3 Be6 8. Bd3 h6 9. Bh4 Nbd7 10. Qc2 c5 11. 0-0 c4 12. Be2 Be7 13. Ne5 Nxe5 14. dxe5 Nd7 15. Bg3 a6 16. Rad1 Qa5 17. f4 f5 18. Bf3 Nb6 19. Be1 Qc5 20. Bf2 Qc6 21. Kh1 Rad8 22. Rg1 Rd7 23. g4 fxg4 24. Bxg4 Bxg4 25. Rxg4 d4+ 26. Ne4 d3 27. Qc3 Qxe4+ 28. Rg2 Nd5 29. Qc1 Bc5 30. Re1 Ne7 31. Qd1 Nf5 32. Qg4 d2 33. Rd1 Bxe3 34. Qe2 Qxf4 35. e6 Re7 36. Rf1 Qe4 0-1

[Event "Winnipeg TNT July op"]
[Site "Winnipeg"]
[Date "2011.07.12"]
[Round "2"]
[White "Lauritson, Jim"]
[Black "Wasserman, Leor"]
[Result "0-1"]
[WhiteElo "1487"]
[BlackElo "1829"]
[PlyCount "48"]
[EventDate "2011.07.05"]
[EventType "swiss"]
[EventRounds "4"]
[EventCountry "CAN"]
[SourceTitle "EXT 2022"]
[Source "ChessBase"]
[SourceDate "2021.10.06"]
[SourceVersion "1"]
[SourceVersionDate "2021.10.06"]
[SourceQuality "1"]

1. d4 Nf6 2. Nf3 d5 3. Bf4 Bf5 4. e3 e6 5. Be2 Bd6 6. Bxd6 cxd6 7. Nbd2 h6 8. Rc1 0-0 9. b3 Nbd7 10. c4 dxc4 11. Nxc4 d5 12. Nce5 Ne4 13. Bd3 Qa5+ 14. Kf1 Nxe5 15. Nxe5 Qxa2 16. Bxe4 Bxe4 17. f3 Bh7 18. Nd7 Rfc8 19. Nc5 b6 20. Ra1 Qb2 21. Qc1 Qxc1+ 22. Rxc1 bxc5 23. dxc5 Rab8 24. Rc3 Rb5 0-1

[Event "Winnipeg FIDE Futurity 5"]
[Site "Winnipeg"]
[Date "2011.03.15"]
[Round "3"]
[White "Lauritson, Jim"]
[Black "Kaptsan, Aron"]
[Result "1-0"]
[WhiteElo "1908"]
[BlackElo "2071"]
[PlyCount "61"]
[EventDate "2011.03.01"]
[EventType "tourn"]
[EventRounds "5"]
[EventCountry "CAN"]
[SourceTitle "EXT 2019"]
[Source "ChessBase"]
[SourceDate "2018.10.10"]
[SourceVersion "1"]
[SourceVersionDate "2018.10.10"]
[SourceQuality "1"]

1. d4 Nf6 2. c4 e6 3. Nc3 d5 4. cxd5 exd5 5. Bg5 c6 6. Qc2 Nbd7 7. e3 Be7 8. Bd3 h6 9. Bh4 0-0 10. Nge2 Ng4 11. Bg3 Re8 12. h3 Ngf6 13. f3 Nh5 14. Bf2 Bd6 15. 0-0-0 b5 16. g4 Nhf6 17. h4 Nb6 18. g5 hxg5 19. hxg5 Nfd7 20. Rh5 b4 21. Rdh1 Kf8 22. Ng3 Bxg3 23. Bxg3 Ke7 24. e4 bxc3 25. exd5 Nf8 26. Re1+ Be6 27. dxe6 Nxe6 28. Qxc3 Nd5 29. Qc5+ Kd7 30. Qd6+ Kc8 31. Ba6# 1-0

[Event "Winnipeg FIDE Futurity 4"]
[Site "Winnipeg"]
[Date "2011.02.01"]
[Round "5"]
[White "Lauritson, Jim"]
[Black "Kaptsan, Aron"]
[Result "1-0"]
[WhiteElo "1887"]
[BlackElo "2089"]
[PlyCount "57"]
[EventDate "2011.01.04"]
[EventType "tourn"]
[EventRounds "5"]
[EventCountry "CAN"]
[SourceTitle "EXT 2019"]
[Source "ChessBase"]
[SourceDate "2018.10.10"]
[SourceVersion "1"]
[SourceVersionDate "2018.10.10"]
[SourceQuality "1"]

1. d4 Nf6 2. c4 e6 3. Nc3 Bb4 4. Qc2 c5 5. dxc5 Bxc5 6. Nf3 d5 7. e3 0-0 8. Be2 Nc6 9. a3 dxc4 10. Bxc4 b6 11. b4 Be7 12. 0-0 Bb7 13. Bb2 Rc8 14. Rfd1 Qc7 15. Be2 Ne5 16. Nd4 Nc4 17. Ncb5 Qb8 18. Bxc4 a6 19. Qb3 axb5 20. Nxb5 Qa8 21. f3 Nd5 22. e4 Nf4 23. Rac1 Kh8 24. Rd7 Bg5 25. Nd6 Bc6 26. Nxf7+ Kg8 27. Bxe6 Nxe6 28. Qxe6 Bxd7 29. Nh6+ 1-0

[Event "Winnipeg MCA Champions"]
[Site "Winnipeg"]
[Date "2010.11.16"]
[Round "3"]
[White "Zaczek, Jonathon"]
[Black "Lauritson, Jim"]
[Result "1-0"]
[WhiteElo "2272"]
[BlackElo "1978"]
[PlyCount "39"]
[EventDate "2010.11.02"]
[EventType "swiss"]
[EventRounds "6"]
[EventCountry "CAN"]
[SourceTitle "EXT 2019"]
[Source "ChessBase"]
[SourceDate "2018.10.10"]
[SourceVersion "1"]
[SourceVersionDate "2018.10.10"]
[SourceQuality "1"]

1. e4 c5 2. Nf3 e6 3. d4 cxd4 4. Nxd4 Nc6 5. Nc3 Qc7 6. Nxc6 Qxc6 7. Bd3 a6 8. a4 b6 9. 0-0 d6 10. Qe2 Bb7 11. a5 Nf6 12. Be3 bxa5 13. Rxa5 Be7 14. Rfa1 0-0 15. Bxa6 Nxe4 16. Nxe4 Qxe4 17. f3 Qc6 18. Bxb7 Qxb7 19. Ra7 Qc6 20. R1a6 1-0

[Event "Winnipeg TNT August op"]
[Site "Winnipeg"]
[Date "2010.08.24"]
[Round "4.4"]
[White "Lauritson, Jim"]
[Black "Einarsson, Ken"]
[Result "1-0"]
[WhiteElo "1892"]
[BlackElo "1819"]
[PlyCount "55"]
[EventDate "2010.08.03"]
[EventType "swiss"]
[EventRounds "4"]
[EventCountry "CAN"]
[SourceTitle "EXT 2022"]
[Source "ChessBase"]
[SourceDate "2021.10.06"]
[SourceVersion "1"]
[SourceVersionDate "2021.10.06"]
[SourceQuality "1"]

1. d4 d5 2. c4 e6 3. Nc3 Nf6 4. cxd5 exd5 5. Bg5 Be7 6. e3 h6 7. Bh4 Nc6 8. a3 0-0 9. Bd3 Re8 10. Nge2 Ng4 11. Bg3 Bg5 12. 0-0 a6 13. h3 Nxe3 14. fxe3 Bxe3+ 15. Bf2 Qg5 16. Bxe3 Rxe3 17. Nf4 Bxh3 18. Nxh3 Rxh3 19. Rf3 Rxf3 20. Qxf3 Nxd4 21. Qf2 Ne6 22. Rf1 Rf8 23. Bf5 Nd8 24. Nxd5 g6 25. Be4 c6 26. Nf6+ Kg7 27. Nd7 Re8 28. Qxf7+ 1-0

[Event "Winnipeg Futurity 2"]
[Site "Winnipeg"]
[Date "2010.03.23"]
[Round "4"]
[White "Lipnowski, Samuel"]
[Black "Lauritson, Jim"]
[Result "1-0"]
[WhiteElo "2244"]
[BlackElo "1901"]
[PlyCount "65"]
[EventDate "2010.03.02"]
[EventType "tourn"]
[EventRounds "5"]
[EventCountry "CAN"]
[SourceTitle "EXT 2022"]
[Source "ChessBase"]
[SourceDate "2021.10.06"]
[SourceVersion "1"]
[SourceVersionDate "2021.10.06"]
[SourceQuality "1"]

1. e4 c5 2. Nf3 e6 3. b3 Nc6 4. Bb2 d6 5. Be2 Nf6 6. Nc3 e5 7. 0-0 Be7 8. d3 0-0 9. Qd2 Ne8 10. Nd5 f5 11. Nxe7+ Qxe7 12. Qg5 Qxg5 13. Nxg5 Nd4 14. Bd1 f4 15. c3 Nc6 16. b4 Nd8 17. Bb3+ Kh8 18. bxc5 dxc5 19. Nf3 Nc6 20. Bd5 Ne7 21. c4 Nxd5 22. cxd5 b6 23. Nxe5 Ba6 24. f3 Nf6 25. Rfc1 Rac8 26. a4 Bb7 27. Nc4 Rfd8 28. Be5 Nh5 29. a5 b5 30. Nd6 Rc7 31. Nxb5 Re7 32. Bd6 Red7 33. Bxc5 1-0

[Event "Winnipeg Futurity 1"]
[Site "Winnipeg"]
[Date "2010.01.26"]
[Round "4"]
[White "Lauritson, Jim"]
[Black "Khedkar, Jay S"]
[Result "1-0"]
[WhiteElo "1920"]
[BlackElo "1976"]
[PlyCount "48"]
[EventDate "2010.01.05"]
[EventType "tourn"]
[EventRounds "7"]
[EventCountry "CAN"]
[SourceTitle "EXT 2011"]
[Source "ChessBase"]
[SourceDate "2010.11.26"]
[SourceVersion "1"]
[SourceVersionDate "2010.11.26"]
[SourceQuality "1"]

1. d4 d5 2. c4 e6 3. Nc3 c5 4. cxd5 cxd4 5. Qa4+ Bd7 6. Qxd4 exd5 7. Qxd5 Nc6 8. Nf3 Nf6 9. Qd1 Bb4 10. Bd2 0-0 11. e3 Qe7 12. Be2 Rfd8 13. 0-0 Bf5 14. Qc1 Rac8 15. a3 Ba5 16. Rd1 Ne4 17. Be1 Nc5 18. Rxd8+ Rxd8 19. Bc4 Ne5 20. Nxe5 Qxe5 21. b4 b5 22. Nxb5 Nb3 23. Bxb3 Qxb5 24. Bc4 Qc6 1-0

[Event "Winnipeg TNT February op"]
[Site "Winnipeg"]
[Date "2009.02.03"]
[Round "1"]
[White "Letain, Cory"]
[Black "Lauritson, Jim"]
[Result "1/2-1/2"]
[WhiteElo "1519"]
[BlackElo "1944"]
[PlyCount "53"]
[EventDate "2009.02.03"]
[EventType "swiss"]
[EventRounds "4"]
[EventCountry "CAN"]
[SourceTitle "EXT 2011"]
[Source "ChessBase"]
[SourceDate "2010.11.26"]
[SourceVersion "1"]
[SourceVersionDate "2010.11.26"]
[SourceQuality "1"]

1. d4 Nf6 2. c4 e6 3. Nf3 b6 4. Nc3 Bb7 5. Qc2 Bb4 6. Bd2 c5 7. Nb5 Bxd2+ 8. Nxd2 d6 9. dxc5 bxc5 10. e4 a6 11. Nc3 Nc6 12. f3 Nd4 13. Qd3 0-0 14. Ne2 d5 15. Nxd4 dxe4 16. Nxe6 Qe7 17. fxe4 Qxe6 18. 0-0-0 Rad8 19. Qe3 Nxe4 20. Bd3 Rxd3 21. Qxd3 Nf2 22. Qa3 Nxh1 23. Rxh1 Qe5 24. Qg3 Qd4 25. Re1 Rd8 26. Qe3 Qxe3 27. Rxe3 1/2-1/2

[Event "Winnipeg TNT January op"]
[Site "Winnipeg"]
[Date "2009.01.27"]
[Round "4"]
[White "Lauritson, Jim"]
[Black "Lipic, Stephen"]
[Result "1-0"]
[WhiteElo "1957"]
[BlackElo "1606"]
[PlyCount "44"]
[EventDate "2009.01.06"]
[EventType "swiss"]
[EventRounds "5"]
[EventCountry "CAN"]
[SourceTitle "EXT 2011"]
[Source "ChessBase"]
[SourceDate "2010.11.26"]
[SourceVersion "1"]
[SourceVersionDate "2010.11.26"]
[SourceQuality "1"]

1. d4 d5 2. c4 e6 3. Nc3 c6 4. e4 g6 5. Nf3 Bg7 6. Be2 Ne7 7. 0-0 0-0 8. Bg5 Qe8 9. cxd5 f6 10. d6 fxg5 11. Nxg5 Nd5 12. exd5 exd5 13. Bg4 Bxg4 14. Qxg4 Qd8 15. Qe6+ Kh8 16. Nf7+ Rxf7 17. Qxf7 Qxd6 18. Rae1 Nd7 19. Re7 Qf6 20. Rxd7 Qxf7 21. Rxf7 Bxd4 22. Re1 Bc5 1-0

[Event "Yanofsky Memorial op"]
[Site "Winnipeg"]
[Date "2008.08.31"]
[Round "4"]
[White "Lauritson, Jim"]
[Black "Kaptsan, Aron"]
[Result "0-1"]
[WhiteElo "1950"]
[BlackElo "2046"]
[PlyCount "96"]
[EventDate "2008.08.29"]
[EventType "swiss"]
[EventRounds "5"]
[EventCountry "CAN"]
[SourceTitle "EXT 2011"]
[Source "ChessBase"]
[SourceDate "2010.11.26"]
[SourceVersion "1"]
[SourceVersionDate "2010.11.26"]
[SourceQuality "1"]

1. d4 Nf6 2. c4 e6 3. Nc3 Bb4 4. Qc2 Nc6 5. Nf3 d5 6. e3 0-0 7. Bd3 a6 8. a3 dxc4 9. Bxc4 Bd6 10. 0-0 e5 11. d5 Ne7 12. e4 Ng6 13. Be2 Qe7 14. h3 Nh5 15. Nh2 Nhf4 16. Bxf4 Nxf4 17. Bg4 Bxg4 18. hxg4 Rae8 19. Ne2 Nxe2+ 20. Qxe2 g6 21. b4 f5 22. f3 f4 23. Rfc1 Kg7 24. Nf1 a5 25. Qc4 b6 26. Rab1 Ra8 27. Rc2 Rh8 28. Nd2 h5 29. gxh5 Rxh5 30. Nf1 axb4 31. axb4 Rah8 32. Kf2 Qh4+ 33. Ke2 Rg5 34. Kd1 Qh1 35. Rbb2 Ra8 36. Ra2 Rxa2 37. Rxa2 Rxg2 38. Rxg2 Qxg2 39. Nd2 Qg5 40. Qb5 Qe7 41. Nc4 Kf6 42. Qc6 Kg5 43. b5 Kh4 44. Qa8 Kg3 45. Ke2 Qh7 46. Nd2 Bb4 47. Nf1+ Kg2 48. Qa2 Qh4 0-1